000 00530nmm a2200169Ia 4500
008 251105s9999||||xx |||||||||||||||||und||
020 _a9788481693720
041 _aspa
100 _aSebastián Aguilar, Fernando
245 0 _aVeritas in Caritate :
_b Miscelánea homenaje a mons. fernando sebastián aguilar
264 _a[Madrid, España] :
_bEditorial Verbo Divino,
_c2013
300 _a541 páginas
490 _aVarios
650 _aReligion(s)
856 _uhttps://public.digitaliapublishing.com/a/51095
942 _cCF
999 _c85882
_d85882